000 00399nam a2200133Ia 4500
008 100328s9999 xx 000 0 und d
082 _b73548
100 _aऔरंगाबादकर अनुराधा
245 _aगोंदणगप्पा.
260 _bसायली.
630 _aगोंदणगप्पा.
730 _aगोंदणगप्पा.
942 _cBOOK
999 _c559269
_d559266